Countries with most dogs? - Statistics

General Stats
  • This quiz has been taken 14 times
  • The average score is 14 of 15
Answer Stats
No. Of Dogs Per 100k People Answer % Correct
67.8M 31,747 Brazil
100%
8.7M 21,576 Canada
100%
52.6M 3,721 China
100%
7.6M 11,386 France
100%
36.9M 2,496 India
100%
8.8M 14,876 Italy
100%
9.5M 19,776 Spain
100%
11.7M 16,731 United Kingdom
100%
89.7M 25,699 United States
100%
10.5M 12,553 Germany
93%
17M 11,855 Russia
93%
7.4M 11,306 South Africa
93%
9.2M 19,998 Argentina
86%
8.4M 22,303 Poland
79%
11.6M 9,854 Philippines
14%
No matching quizzes found
Score Distribution
Percent of People with Each Score
Percentile by Number Answered
Your Score History
You have not taken this quiz